[Event "OP-2022-0-05346"]
[Site "LSS email"]
[Date "2022.10.24"]
[Round "?"]
[White "Chapman, Mark"]
[Black "Cerne, Peter"]
[Result "1/2-1/2"]
[WhiteElo "1942"]
[BlackElo "1725"]
[PlyCount "79"]
[EventDate "2022.10.22"]
[EventType "tourn (corr)"]
[EventRounds "4"]
[EventCountry "GER"]
[SourceTitle "Corr 2024"]
[Source "ChessBase"]
[SourceDate "2023.10.19"]
[SourceVersion "1"]
[SourceVersionDate "2023.10.19"]
[SourceQuality "1"]

1. e4 c5 2. c3 d6 3. d4 cxd4 4. cxd4 e6 5. Nc3 Nf6 6. Nf3 Be7 7. Bd3 Nc6 8. 0-0 0-0 9. a3 Bd7 10. h3 Rc8 11. Be3 a6 12. Rc1 Na5 13. Qe2 b5 14. e5 dxe5 15. dxe5 Nd5 16. Nxd5 exd5 17. Nd4 Rxc1 18. Bxc1 Qc8 19. f4 Nc4 20. Kh2 Bc5 21. Nf3 Be7 22. Rd1 g6 23. b3 Na5 24. Qb2 Be6 25. Nd4 Nc6 26. Nxe6 fxe6 27. Be3 Qb7 28. b4 Bd8 29. Rc1 Bb6 30. Bxb6 Qxb6 31. Rc5 Kg7 32. Qc3 Ne7 33. Qc1 Rf7 34. Qd2 Nf5 35. Qf2 Rf8 36. Qg1 h5 37. Qc1 Rf7 38. Qd2 Rf8 39. Qf2 Rf7 40. Qf3 1/2-1/2

[Event "SB-2022-0-00633"]
[Site "LSS email"]
[Date "2022.03.26"]
[Round "?"]
[White "Chapman, Mark"]
[Black "Knoeppel, Bjoern"]
[Result "1/2-1/2"]
[WhiteElo "1896"]
[BlackElo "1953"]
[PlyCount "100"]
[EventDate "2022.01.15"]
[EventType "tourn (corr)"]
[EventRounds "6"]
[EventCountry "GER"]
[SourceTitle "Corr 2024"]
[Source "ChessBase"]
[SourceDate "2023.10.19"]
[SourceVersion "1"]
[SourceVersionDate "2023.10.19"]
[SourceQuality "1"]

1. e4 e6 2. d4 d5 3. Nc3 Bb4 4. e5 c5 5. a3 Bxc3+ 6. bxc3 Ne7 7. h4 Qc7 8. h5 h6 9. Bd2 Nbc6 10. Qg4 Nf5 11. Nf3 cxd4 12. cxd4 0-0 13. Qf4 f6 14. exf6 Qxf4 15. Bxf4 Nfxd4 16. Nxd4 Nxd4 17. 0-0-0 Nc6 18. Bd6 Rd8 19. Bc7 Rd7 20. Bg3 gxf6 21. Bf4 e5 22. Bxh6 Rd8 23. f3 Be6 24. g4 Rac8 25. Rh2 Na5 26. Bd3 Nb3+ 27. Kb1 Nc5 28. Bf5 Bxf5 29. gxf5 Kh7 30. Bc1 Rg8 31. Rxd5 Rg1 32. Rhd2 Rxc1+ 33. Kxc1 Nb3+ 34. Kd1 Nxd2 35. Kxd2 Kh6 36. Rd7 Kxh5 37. Rxb7 Kg5 38. Rxa7 Rd8+ 39. Ke3 Rc8 40. Kd3 Rd8+ 41. Ke3 Kxf5 42. Ra4 Rd1 43. Rc4 Re1+ 44. Kd2 Rf1 45. Ke2 Ra1 46. a4 Ke6 47. Rb4 Ra3 48. c4 f5 49. Rb6+ Kd7 50. Rb5 Rxa4 1/2-1/2

[Event "RB-2022-0-00414"]
[Site "LSS email"]
[Date "2022.03.13"]
[Round "?"]
[White "Chapman, Mark"]
[Black "Do Amaral, Rogerio"]
[Result "1/2-1/2"]
[WhiteElo "1895"]
[BlackElo "1908"]
[PlyCount "52"]
[EventDate "2021.12.12"]
[EventType "tourn (corr)"]
[EventRounds "6"]
[EventCountry "GER"]
[SourceTitle "Corr 2024"]
[Source "ChessBase"]
[SourceDate "2023.10.19"]
[SourceVersion "1"]
[SourceVersionDate "2023.10.19"]
[SourceQuality "1"]

1. e4 c6 2. d4 d5 3. exd5 cxd5 4. c4 Nf6 5. Nc3 Nc6 6. Nf3 Bg4 7. cxd5 Nxd5 8. Qb3 Bxf3 9. gxf3 e6 10. Qxb7 Nxd4 11. Bb5+ Nxb5 12. Qc6+ Ke7 13. Qc5+ Nd6 14. Nxd5+ exd5 15. 0-0 Qc8 16. Qxd5 Qb7 17. Qe5+ Kd7 18. Rd1 Re8 19. Qf5+ Re6 20. Qxf7+ Be7 21. Bg5 Re8 22. Rxd6+ Rxd6 23. Re1 Qd5 24. Rxe7+ Rxe7 25. Qxe7+ Kc6 26. Bf4 Rd7 1/2-1/2

[Event "SB-2021-0-00625"]
[Site "LSS email"]
[Date "2021.11.23"]
[Round "?"]
[White "Chapman, Mark"]
[Black "Baltar, Antoni"]
[Result "1/2-1/2"]
[WhiteElo "1895"]
[BlackElo "1878"]
[PlyCount "92"]
[EventDate "2021.09.06"]
[EventType "tourn (corr)"]
[EventRounds "6"]
[EventCountry "GER"]
[SourceTitle "Corr 2024"]
[Source "ChessBase"]
[SourceDate "2023.10.19"]
[SourceVersion "1"]
[SourceVersionDate "2023.10.19"]
[SourceQuality "1"]

1. e4 e5 2. Nf3 Nc6 3. Bb5 f5 4. d3 fxe4 5. dxe4 Nf6 6. 0-0 Bc5 7. Bxc6 bxc6 8. Nxe5 0-0 9. Nc3 d6 10. Nd3 Bd4 11. Qe1 Qe8 12. Be3 Bxc3 13. Qxc3 Qxe4 14. Rae1 Qa4 15. b3 Nd5 16. Qd2 Qh4 17. Bg5 Qd4 18. c4 Bf5 19. Nb2 Qxd2 20. Bxd2 Nb6 21. Ba5 Rfe8 22. f3 h5 23. h4 Kf7 24. Kf2 g6 25. Rxe8 Rxe8 26. Rg1 Re5 27. Bc3 Re7 28. g4 hxg4 29. fxg4 Bc2 30. Rc1 Be4 31. Kg3 Nd7 32. Bd2 Re6 33. Nd1 Bd3 34. Nf2 Be2 35. Nh3 Re8 36. Nf4 Nf6 37. Nxe2 Ne4+ 38. Kf4 Nxd2 39. Ng3 Kg7 40. Rd1 Rf8+ 41. Nf5+ gxf5 42. Rxd2 fxg4+ 43. Kxg4 a5 44. Re2 Rg8 45. Kf5 Kf7 46. h5 a4 1/2-1/2

[Event "SB-2021-0-00625"]
[Site "LSS email"]
[Date "2021.11.23"]
[Round "?"]
[White "Cleto Junior, Dirceu"]
[Black "Chapman, Mark"]
[Result "1/2-1/2"]
[WhiteElo "1968"]
[BlackElo "1895"]
[PlyCount "31"]
[EventDate "2021.09.06"]
[EventType "tourn (corr)"]
[EventRounds "6"]
[EventCountry "GER"]
[SourceTitle "Corr 2024"]
[Source "ChessBase"]
[SourceDate "2023.10.19"]
[SourceVersion "1"]
[SourceVersionDate "2023.10.19"]
[SourceQuality "1"]

1. e4 e5 2. Nf3 Nc6 3. Bc4 Nf6 4. Ng5 d5 5. exd5 Na5 6. Bb5+ c6 7. dxc6 bxc6 8. Be2 h6 9. Nf3 e4 10. Ne5 Bc5 11. 0-0 Qd6 12. d4 Qxd4 13. Qxd4 Bxd4 14. Nc4 Nxc4 15. Bxc4 0-0 16. Nc3 1/2-1/2

[Event "OP-2020-0-05051"]
[Site "LSS email"]
[Date "2020.11.08"]
[Round "?"]
[White "Chapman, Mark"]
[Black "Cvak, Rudolf"]
[Result "0-1"]
[WhiteElo "1870"]
[BlackElo "2349"]
[PlyCount "64"]
[EventDate "2020.11.08"]
[EventType "tourn (corr)"]
[EventRounds "4"]
[EventCountry "GER"]
[SourceTitle "Corr 2022"]
[Source "ChessBase"]
[SourceDate "2021.10.24"]
[SourceVersion "1"]
[SourceVersionDate "2021.10.24"]
[SourceQuality "1"]

1. e4 e6 2. d4 d5 3. Nc3 Bb4 4. e5 c5 5. a3 Bxc3+ 6. bxc3 Ne7 7. h4 Qa5 8. Bd2 Qa4 9. Rb1 Nbc6 10. h5 h6 11. Nf3 c4 12. Qc1 b6 13. g3 Bd7 14. Bh3 0-0-0 15. 0-0 Rh7 16. Qb2 Kb7 17. Nh4 g5 18. hxg6 fxg6 19. Nf3 Rf8 20. Kg2 g5 21. Nh2 Nf5 22. Bg4 h5 23. Bxf5 Rxf5 24. Rh1 Be8 25. Ng4 Bg6 26. Nf6 Rf7 27. Be3 g4 28. Ne8 Rf3 29. Nd6+ Kc7 30. Nxf7 Rxf7 31. Rh2 Bxc2 32. Rc1 Bg6 0-1

[Event "SB-2020-0-00603"]
[Site "LSS email"]
[Date "2020.11.06"]
[Round "?"]
[White "Chapman, Mark"]
[Black "Schwarte, Joachim"]
[Result "1/2-1/2"]
[WhiteElo "1861"]
[BlackElo "1899"]
[PlyCount "118"]
[EventDate "2020.08.08"]
[EventType "tourn (corr)"]
[EventRounds "6"]
[EventCountry "GER"]
[SourceTitle "Corr 2024"]
[Source "ChessBase"]
[SourceDate "2023.10.19"]
[SourceVersion "1"]
[SourceVersionDate "2023.10.19"]
[SourceQuality "1"]

1. e4 e5 2. Nf3 Nc6 3. Bb5 Nf6 4. 0-0 Nxe4 5. Re1 Nd6 6. Nxe5 Nxe5 7. Rxe5+ Be7 8. Bf1 0-0 9. Nc3 Ne8 10. Nd5 Bd6 11. Re1 c6 12. Ne3 Bc7 13. Nf5 d5 14. Ne7+ Kh8 15. Nxc8 Rxc8 16. d3 Nf6 17. Qf3 Qd7 18. Bd2 Ng4 19. g3 Ne5 20. Qd1 Rce8 21. Bg2 Kg8 22. a4 a6 23. Bf4 Re7 24. d4 Ng6 25. Bxc7 Qxc7 26. Qd3 Rfe8 27. Rxe7 Qxe7 28. b3 Qe2 29. Bf1 Qg4 30. Qd1 Qe6 31. Qd2 h5 32. b4 h4 33. c3 Nf8 34. b5 axb5 35. axb5 Qg4 36. Qd1 Qxd1 37. Rxd1 Ne6 38. Ra1 cxb5 39. Bxb5 Rc8 40. Ra3 Ng5 41. Bd3 Nf3+ 42. Kf1 g6 43. gxh4 b6 44. Ke2 Nxh4 45. Rb3 Rc6 46. Ba6 Re6+ 47. Kd1 Nf5 48. Bc8 Rf6 49. Bxf5 Rxf5 50. Ke2 Rh5 51. Rxb6 Rxh2 52. Rb5 Rh3 53. Kd2 Rh5 54. c4 dxc4 55. Rb8+ Kg7 56. Kc3 Rh1 57. Kxc4 Rc1+ 58. Kd5 Rc2 59. f3 Rc3 1/2-1/2

[Event "OP-2020-0-04983"]
[Site "LSS email"]
[Date "2020.06.10"]
[Round "?"]
[White "Chapman, Mark"]
[Black "Mueller, Bernd"]
[Result "1/2-1/2"]
[WhiteElo "1856"]
[BlackElo "1811"]
[PlyCount "66"]
[EventDate "2020.06.06"]
[EventType "tourn (corr)"]
[EventRounds "4"]
[EventCountry "GER"]
[SourceTitle "Corr 2022"]
[Source "ChessBase"]
[SourceDate "2021.10.24"]
[SourceVersion "1"]
[SourceVersionDate "2021.10.24"]
[SourceQuality "1"]

1. e4 d5 2. exd5 Qxd5 3. Nf3 Bg4 4. Be2 Nc6 5. d4 0-0-0 6. c4 Qf5 7. Be3 Bxf3 8. Bxf3 Nxd4 9. Bxd4 Qe6+ 10. Be2 c5 11. 0-0 Nf6 12. Qc2 Rxd4 13. Nc3 a6 14. a3 Qe5 15. b4 e6 16. b5 Bd6 17. g3 Bc7 18. bxa6 bxa6 19. Qa4 Rd6 20. Rac1 Ne4 21. Nxe4 Qxe4 22. Rfd1 Rhd8 23. Re1 Qc6 24. Qb3 Ba5 25. Red1 Qb7 26. Qa4 Rxd1+ 27. Rxd1 Bc7 28. Re1 g6 29. Bf1 Qb6 30. Re3 e5 31. Bh3+ f5 32. g4 Qb1+ 33. Kg2 Qb7+ 1/2-1/2

[Event "SB-2020-0-00596"]
[Site "LSS email"]
[Date "2020.06.09"]
[Round "?"]
[White "Chapman, Mark"]
[Black "Laudati, Lelio"]
[Result "1/2-1/2"]
[WhiteElo "1856"]
[BlackElo "1849"]
[PlyCount "70"]
[EventDate "2020.03.13"]
[EventType "tourn (corr)"]
[EventRounds "6"]
[EventCountry "GER"]
[SourceTitle "Corr 2024"]
[Source "ChessBase"]
[SourceDate "2023.10.19"]
[SourceVersion "1"]
[SourceVersionDate "2023.10.19"]
[SourceQuality "1"]

1. e4 e6 2. d4 d5 3. Nc3 Bb4 4. e5 c5 5. a3 Bxc3+ 6. bxc3 Qa5 7. Bd2 Qa4 8. Qg4 Kf8 9. h4 Ne7 10. h5 h6 11. Rh3 Nbc6 12. Qf4 b6 13. Rf3 Nd8 14. dxc5 Qxf4 15. Rxf4 bxc5 16. c4 g5 17. Rg4 Nec6 18. f4 f5 19. Rg3 d4 20. Rb1 Ba6 21. Nh3 g4 22. Nf2 Nb7 23. Nd3 Rb8 24. Nc1 Rc8 25. Nb3 Rh7 26. a4 Rd7 27. a5 Nb8 28. Ra1 Kf7 29. Kf2 Nd8 30. c3 Nb7 31. Ra4 Nc6 32. Rd3 Rcd8 33. cxd4 Nxd4 34. Nc1 Ke7 35. Bc3 Rb8 1/2-1/2

[Event "SB-2020-0-00596"]
[Site "LSS email"]
[Date "2020.06.05"]
[Round "?"]
[White "Chapman, Mark"]
[Black "Kraujunas, Vladas"]
[Result "1/2-1/2"]
[WhiteElo "1856"]
[BlackElo "1903"]
[PlyCount "76"]
[EventDate "2020.03.13"]
[EventType "tourn (corr)"]
[EventRounds "6"]
[EventCountry "GER"]
[SourceTitle "Corr 2024"]
[Source "ChessBase"]
[SourceDate "2023.10.19"]
[SourceVersion "1"]
[SourceVersionDate "2023.10.19"]
[SourceQuality "1"]

1. e4 e5 2. Nf3 Nc6 3. Bb5 a6 4. Ba4 Nf6 5. 0-0 Be7 6. Re1 b5 7. Bb3 0-0 8. h3 Bb7 9. d3 d6 10. a3 Na5 11. Ba2 c5 12. Nbd2 Nc6 13. Nf1 Bc8 14. c3 a5 15. a4 b4 16. Ne3 h6 17. Nd2 Be6 18. Bd5 Rc8 19. Nb3 Nd7 20. Nc4 Qc7 21. Bd2 Rb8 22. Rc1 Nf6 23. Bxe6 fxe6 24. d4 bxc3 25. bxc3 d5 26. exd5 exd5 27. Nxe5 Nxe5 28. Bf4 Rxb3 29. dxe5 Qb7 30. exf6 Bxf6 31. Bd6 Rc8 32. Be5 Rb6 33. Qd3 Rd8 34. Rcd1 Qe7 35. Qe2 Qf7 36. Qa2 c4 37. Bxf6 Qxf6 38. Rd4 Re6 1/2-1/2

[Event "SB-2020-0-00596"]
[Site "LSS email"]
[Date "2020.06.05"]
[Round "?"]
[White "Wernitz, Helmut"]
[Black "Chapman, Mark"]
[Result "1/2-1/2"]
[WhiteElo "1935"]
[BlackElo "1856"]
[PlyCount "47"]
[EventDate "2020.03.13"]
[EventType "tourn (corr)"]
[EventRounds "6"]
[EventCountry "GER"]
[SourceTitle "Corr 2024"]
[Source "ChessBase"]
[SourceDate "2023.10.19"]
[SourceVersion "1"]
[SourceVersionDate "2023.10.19"]
[SourceQuality "1"]

1. Nf3 d5 2. c4 c6 3. g3 Nf6 4. Bg2 dxc4 5. 0-0 Nbd7 6. Na3 Nb6 7. Qc2 Be6 8. Ne5 h5 9. Naxc4 Nxc4 10. Nxc4 h4 11. Ne5 hxg3 12. hxg3 Qd4 13. Qc3 Qxc3 14. bxc3 Nd7 15. Nf3 f6 16. d3 Bf7 17. Be3 Kd8 18. a4 a5 19. Rfb1 Kc8 20. Rb2 Rb8 21. d4 g5 22. Bd2 Bc4 23. e4 Kc7 24. Be3 1/2-1/2

[Event "OP-2020-0-04918"]
[Site "LSS email"]
[Date "2020.02.02"]
[Round "?"]
[White "Chapman, Mark"]
[Black "Shim Ng Min, Francis"]
[Result "1-0"]
[WhiteElo "1845"]
[BlackElo "1134"]
[PlyCount "41"]
[EventDate "2020.02.01"]
[EventType "tourn (corr)"]
[EventRounds "4"]
[EventCountry "GER"]
[SourceTitle "Corr 2022"]
[Source "ChessBase"]
[SourceDate "2021.10.24"]
[SourceVersion "1"]
[SourceVersionDate "2021.10.24"]
[SourceQuality "1"]

1. e4 c5 2. Nf3 d6 3. d4 cxd4 4. Nxd4 Nf6 5. Nc3 a6 6. Be2 e5 7. Nb3 h6 8. 0-0 Be6 9. f4 exf4 10. Bxf4 Be7 11. Kh1 0-0 12. Nd4 Bd7 13. Qd3 Nc6 14. Rad1 Nxd4 15. Qxd4 Bc6 16. Qe3 Re8 17. e5 Nh7 18. Bc4 Qa5 19. Qg3 dxe5 20. Bxh6 Bf6 21. Rxf6 1-0

[Event "OP-2020-0-04918"]
[Site "LSS email"]
[Date "2020.02.02"]
[Round "?"]
[White "Churyaev, Aleksej"]
[Black "Chapman, Mark"]
[Result "0-1"]
[WhiteElo "1066"]
[BlackElo "1845"]
[PlyCount "82"]
[EventDate "2020.02.01"]
[EventType "tourn (corr)"]
[EventRounds "4"]
[EventCountry "GER"]
[SourceTitle "Corr 2022"]
[Source "ChessBase"]
[SourceDate "2021.10.24"]
[SourceVersion "1"]
[SourceVersionDate "2021.10.24"]
[SourceQuality "1"]

1. e4 c5 2. Bc4 e6 3. Nc3 Nc6 4. a3 Nge7 5. d3 d5 6. exd5 exd5 7. Bb5 a6 8. Bxc6+ Nxc6 9. Nf3 Be7 10. d4 Bg4 11. h3 Bxf3 12. Qxf3 Nxd4 13. Qd3 0-0 14. 0-0 Re8 15. Be3 Bf6 16. Rab1 Qd6 17. b4 b6 18. Bxd4 Bxd4 19. Ne2 Bf6 20. Ng3 c4 21. Qd2 d4 22. Nf5 Qe5 23. Ng3 c3 24. Qd3 g6 25. Rfe1 Qxe1+ 26. Rxe1 Rxe1+ 27. Nf1 a5 28. b5 Rae8 29. g3 Rc1 30. Kg2 Ree1 31. Nh2 Rg1+ 32. Kf3 h5 33. Qe4 Rge1 34. Qa8+ Kg7 35. g4 Rxc2 36. gxh5 gxh5 37. Qd5 Re5 38. Qc4 Rf5+ 39. Ke4 Rcxf2 40. Qc6 c2 41. Qc4 Re5+ 0-1

[Event "RD-2019-0-00158"]
[Site "LSS email"]
[Date "2019.11.23"]
[Round "?"]
[White "Chapman, Mark"]
[Black "Csaba, Fodor"]
[Result "1/2-1/2"]
[WhiteElo "1840"]
[BlackElo "1329"]
[PlyCount "105"]
[EventDate "2019.06.23"]
[EventType "tourn (corr)"]
[EventRounds "6"]
[EventCountry "GER"]
[SourceTitle "Corr 2022"]
[Source "ChessBase"]
[SourceDate "2021.10.24"]
[SourceVersion "1"]
[SourceVersionDate "2021.10.24"]
[SourceQuality "1"]

1. e4 e5 2. Nf3 Nf6 3. d4 Nxe4 4. Bd3 d5 5. Nxe5 Nd7 6. Nxd7 Bxd7 7. 0-0 Be7 8. c4 Nf6 9. Nc3 dxc4 10. Bxc4 0-0 11. Re1 c6 12. h3 Bd6 13. Bg5 h6 14. Bh4 g5 15. Bg3 Bxg3 16. fxg3 Bf5 17. d5 Bg6 18. dxc6 bxc6 19. Kh2 Kg7 20. Qf3 g4 21. Qf4 Qb8 22. Rf1 Qxf4 23. Rxf4 gxh3 24. gxh3 Rad8 25. Raf1 Rd6 26. R1f2 Rb8 27. g4 Re8 28. Bf1 Re1 29. Bg2 Re5 30. Ra4 h5 31. gxh5 Rxh5 32. Bf3 Rf5 33. Rxa7 Nd7 34. Kg2 Ne5 35. Be4 Rxf2+ 36. Kxf2 Rd2+ 37. Ke3 Rxb2 38. a4 Kf6 39. Bxg6 fxg6 40. a5 g5 41. Ra8 Rb3 42. Kd2 Ra3 43. a6 Nc4+ 44. Kc2 Nb6 45. Rd8 Ke5 46. Re8+ Kf5 47. Rf8+ Ke5 48. Re8+ Kf5 49. Rf8+ Kg6 50. Rd8 Rxa6 51. Rd6+ Kh5 52. Rxc6 Nd5 53. Rxa6 1/2-1/2

[Event "RD-2019-0-00158"]
[Site "LSS email"]
[Date "2019.11.20"]
[Round "?"]
[White "Chapman, Mark"]
[Black "Rost, Bernd"]
[Result "1-0"]
[WhiteElo "1840"]
[BlackElo "1727"]
[PlyCount "95"]
[EventDate "2019.06.23"]
[EventType "tourn (corr)"]
[EventRounds "6"]
[EventCountry "GER"]
[SourceTitle "Corr 2022"]
[Source "ChessBase"]
[SourceDate "2021.10.24"]
[SourceVersion "1"]
[SourceVersionDate "2021.10.24"]
[SourceQuality "1"]

1. e4 d5 2. exd5 Qxd5 3. Nc3 Qd8 4. d4 Nf6 5. Nf3 c6 6. Bc4 Bf5 7. Ne5 e6 8. g4 Bg6 9. h4 Bb4 10. f3 Bxc2 11. Qxc2 Qxd4 12. Qe2 0-0 13. Bd2 Nd5 14. Qe4 Qxe4+ 15. fxe4 Nf6 16. g5 Nbd7 17. Nxd7 Nxd7 18. 0-0-0 Ne5 19. Be2 Ba5 20. Rhf1 Bc7 21. h5 Rad8 22. Be3 Rxd1+ 23. Rxd1 b6 24. Kc2 Rd8 25. Bd4 f6 26. gxf6 gxf6 27. Bxe5 fxe5 28. Rg1+ Kh8 29. h6 Bd6 30. Rg7 Bf8 31. Rxa7 Bxh6 32. Re7 Rd2+ 33. Kb3 Rd6 34. a4 Bg5 35. Rb7 Be3 36. Bh5 Kg8 37. Ne2 h6 38. Kc4 Bf2 39. b4 Rd2 40. Re7 Be1 41. Rxe6 Rb2 42. Rxc6 Rxb4+ 43. Kd5 Rxa4 44. Rxb6 Ra7 45. Rb5 Rg7 46. Ke6 Bd2 47. Rxe5 Rg2 48. Nd4 1-0

[Event "RE-2018-0-00204"]
[Site "LSS email"]
[Date "2018.12.02"]
[Round "?"]
[White "Chapman, Mark"]
[Black "Obrien, Glenn"]
[Result "1-0"]
[WhiteElo "800"]
[BlackElo "1360"]
[PlyCount "59"]
[EventDate "2018.07.14"]
[EventType "tourn (corr)"]
[EventRounds "6"]
[EventCountry "GER"]
[SourceTitle "Corr 2022"]
[Source "ChessBase"]
[SourceDate "2021.10.24"]
[SourceVersion "1"]
[SourceVersionDate "2021.10.24"]
[SourceQuality "1"]

1. e4 e5 2. Nf3 Nc6 3. Bb5 a6 4. Ba4 Nf6 5. 0-0 Be7 6. Re1 b5 7. Bb3 0-0 8. a4 Bb7 9. d3 d6 10. Nbd2 Na5 11. Ba2 c5 12. Nf1 b4 13. Ne3 Bc8 14. c3 Rb8 15. d4 bxc3 16. bxc3 Nxe4 17. Nd5 Nxc3 18. Nxc3 cxd4 19. Nd5 Be6 20. Qd3 Bxd5 21. Bxd5 Rb6 22. Bd2 Rb8 23. Rab1 Rxb1 24. Rxb1 Qc7 25. Rc1 Qb6 26. Ng5 Bxg5 27. Bxg5 g6 28. Qf3 Nc6 29. Bxc6 Rc8 30. Qf6 1-0

[Event "RE-2018-0-00204"]
[Site "LSS email"]
[Date "2018.11.29"]
[Round "?"]
[White "Lauer, Frederic"]
[Black "Chapman, Mark"]
[Result "1/2-1/2"]
[WhiteElo "1225"]
[BlackElo "800"]
[PlyCount "39"]
[EventDate "2018.07.14"]
[EventType "tourn (corr)"]
[EventRounds "6"]
[EventCountry "GER"]
[SourceTitle "Corr 2022"]
[Source "ChessBase"]
[SourceDate "2021.10.24"]
[SourceVersion "1"]
[SourceVersionDate "2021.10.24"]
[SourceQuality "1"]

1. e4 e5 2. Nf3 Nc6 3. Nc3 Nf6 4. d4 exd4 5. Nxd4 Bb4 6. Nxc6 bxc6 7. Bd3 d5 8. exd5 cxd5 9. 0-0 0-0 10. Bg5 c6 11. Qf3 h6 12. Bxf6 Qxf6 13. Qxf6 gxf6 14. Ne2 Rb8 15. Nd4 Bc5 16. Nb3 Bd6 17. Nd4 c5 18. Nf5 Bxf5 19. Bxf5 Rxb2 20. Rfb1 1/2-1/2

[Event "RE-2018-0-00203"]
[Site "LSS email"]
[Date "2018.11.24"]
[Round "?"]
[White "Chapman, Mark"]
[Black "Koepcke, Klaus Peter"]
[Result "1-0"]
[WhiteElo "800"]
[BlackElo "1406"]
[PlyCount "49"]
[EventDate "2018.06.09"]
[EventType "tourn (corr)"]
[EventRounds "6"]
[EventCountry "GER"]
[SourceTitle "Corr 2022"]
[Source "ChessBase"]
[SourceDate "2021.10.24"]
[SourceVersion "1"]
[SourceVersionDate "2021.10.24"]
[SourceQuality "1"]

1. e4 c5 2. Nf3 d6 3. d4 cxd4 4. Nxd4 Nf6 5. Nc3 a6 6. Be3 e5 7. Nb3 Be6 8. f3 Nbd7 9. Qd2 Be7 10. g4 Qc7 11. 0-0-0 b5 12. g5 Nh5 13. Nd5 Bxd5 14. exd5 0-0 15. Na5 Rfc8 16. Bh3 g6 17. Nc6 Bf8 18. Bg4 Ng7 19. h4 Nf5 20. h5 Nxe3 21. Qxe3 Re8 22. hxg6 fxg6 23. f4 exf4 24. Be6+ Kh8 25. Rxh7+ 1-0

[Event "RE-2018-0-00203"]
[Site "LSS email"]
[Date "2018.11.24"]
[Round "?"]
[White "Lauer, Frederic"]
[Black "Chapman, Mark"]
[Result "0-1"]
[WhiteElo "1192"]
[BlackElo "800"]
[PlyCount "48"]
[EventDate "2018.06.09"]
[EventType "tourn (corr)"]
[EventRounds "6"]
[EventCountry "GER"]
[SourceTitle "Corr 2022"]
[Source "ChessBase"]
[SourceDate "2021.10.24"]
[SourceVersion "1"]
[SourceVersionDate "2021.10.24"]
[SourceQuality "1"]

1. e4 e5 2. Nf3 Nc6 3. Nc3 Nf6 4. d4 exd4 5. Nd5 Nxe4 6. Qe2 f5 7. Ng5 d3 8. cxd3 Nd4 9. Qh5+ g6 10. Qh4 c6 11. dxe4 cxd5 12. exd5 Bg7 13. Kd1 h6 14. Nf3 Qxh4 15. Nxh4 Kf7 16. Bc4 b5 17. Bd3 Bb7 18. d6 Rhe8 19. Be3 Re6 20. Bxd4 Bxd4 21. Bxb5 Rxd6 22. Bc4+ Kf6 23. Kc2 Be4+ 24. Kc1 Rc8 0-1

[Event "SE-2018-0-00284"]
[Site "LSS email"]
[Date "2018.09.25"]
[Round "?"]
[White "Jordan, Miguel"]
[Black "Chapman, Mark"]
[Result "1/2-1/2"]
[WhiteElo "1625"]
[BlackElo "800"]
[PlyCount "95"]
[EventDate "2018.08.11"]
[EventType "tourn (corr)"]
[EventRounds "6"]
[EventCountry "GER"]
[SourceTitle "Corr 2022"]
[Source "ChessBase"]
[SourceDate "2021.10.24"]
[SourceVersion "1"]
[SourceVersionDate "2021.10.24"]
[SourceQuality "1"]

1. e4 e5 2. Nf3 Nc6 3. Bc4 Nf6 4. Ng5 d5 5. exd5 Na5 6. Bb5+ c6 7. dxc6 bxc6 8. Be2 h6 9. Nh3 Bd6 10. d3 0-0 11. Nc3 Nd5 12. 0-0 Nb7 13. Kh1 Rb8 14. Nxd5 cxd5 15. f4 d4 16. b3 exf4 17. Nxf4 Be5 18. g3 Nd6 19. Bg4 g6 20. Ng2 Bg7 21. Bf3 Re8 22. Bd2 g5 23. Rc1 Be6 24. c4 dxc3 25. Bxc3 Bxc3 26. Rxc3 Nb5 27. Rc2 Nd4 28. Rcf2 Rc8 29. Kg1 f5 30. Ne1 Qb6 31. Kh1 g4 32. Bg2 Qc7 33. Qd2 Kh7 34. Rf4 Qe5 35. Qb2 Red8 36. b4 Qe2 37. Qxe2 Nxe2 38. R4f2 Nd4 39. Kg1 Rc1 40. Rb2 Kg6 41. Bb7 Rd7 42. Ba6 Bd5 43. Bc4 Bxc4 44. dxc4 Rxc4 45. Nd3 Kf6 46. Nf4 Nf3+ 47. Kg2 Kf7 48. a4 1/2-1/2